Koti Chennayya (Record no. 241447)

MARC details
000 -LEADER
fixed length control field 00422nam a22001817a 4500
003 - CONTROL NUMBER IDENTIFIER
control field OSt
005 - DATE AND TIME OF LATEST TRANSACTION
control field 20260519145827.0
008 - FIXED-LENGTH DATA ELEMENTS--GENERAL INFORMATION
fixed length control field 260519b |||||||| |||| 00| 0 eng d
040 ## - CATALOGING SOURCE
Transcribing agency AL
041 ## - LANGUAGE CODE
Language code of original Eng
082 ## - DEWEY DECIMAL CLASSIFICATION NUMBER
Classification number 494.50 VAMK
100 ## - MAIN ENTRY--PERSONAL NAME
Personal name DR.Vamana Nandavara
9 (RLIN) 264133
245 ## - TITLE STATEMENT
Title Koti Chennayya
260 ## - PUBLICATION, DISTRIBUTION, ETC.
Place of publication, distribution, etc. Mangalore
Name of publisher, distributor, etc. Hemashu prakashana
Date of publication, distribution, etc. 2001
300 ## - PHYSICAL DESCRIPTION
Extent 420 p
650 ## - SUBJECT ADDED ENTRY--TOPICAL TERM
Source of heading or term Kannada
942 ## - ADDED ENTRY ELEMENTS (KOHA)
Source of classification or shelving scheme Dewey Decimal Classification
Koha item type School of Education
Holdings
Withdrawn status Lost status Source of classification or shelving scheme Damaged status Not for loan Home library Current library Date acquired Total Checkouts Full call number Date last seen Price effective from Koha item type
    Dewey Decimal Classification     St Aloysius Library St Aloysius Library 05/19/2026   494.50 VAMK 05/19/2026 05/19/2026 Book